00193nam a2200073Ia 4500008004100000050002000041100002300061245003500084230915s9999 xx 000 0 und d aHF5679.R66 2006 aMARSHALL B. ROMNEY 0aACCOUNTING INFORMATION SYSTEMS